00692 a2200193 4500020001500000020001800015082001200033090001500045100002100060245005800081260004400139300002100183490006800204700002100272830006800293942002600361999001700387952009400404 a3110132125 a9783110132120 a515.352 c1306d13061 aDeimling, Klaus.10aMultivalued differential equations /cKlaus Deimling. a[S.l.] :bWalter De Gruyter Inc,c1992. a272 p. ;c25 cm.1 aDe gruyter series in nonlinear analysis and applications, no 1. aDeimling, Klaus. 0aDe gruyter series in nonlinear analysis and applications, no 1. aSNScBKk515.352 DEI c29919d29919 00104070aSNSbSNSd2016-05-26l0o515.352 DEIpSNS0001345r2016-05-26w2016-05-26yBK